La gestión integrada de las ciencias, la tenología y el medio ambiente como dinamizadora del desarrollo local en el vínculo universidad-empresa /
Se presenta una eficaz herramienta de trabajo para el ordenamiento de los recursos financieros, materiales y productivos, incluidos los recursos humanos de la organización, que se sustenta en la gestión integrada de las ciencias, la innovación tecnológica y el medio ambiente, desarrollada bajo las c...
Guardado en:
| Autor principal: | |
|---|---|
| Otros Autores: | |
| Formato: | Texto |
| Materias: | |
| Etiquetas: |
Agregar Etiqueta
Sin Etiquetas, Sea el primero en etiquetar este registro!
|
MARC
| LEADER | 00000 a a2200000 04500 | ||
|---|---|---|---|
| 001 | 2938 | ||
| 003 | |||
| 040 | |||
| 100 | |a Castro Perdomo, Nelson | ||
| 245 | |a La gestión integrada de las ciencias, la tenología y el medio ambiente como dinamizadora del desarrollo local en el vínculo universidad-empresa / |c Nelson Castro Perdomo | ||
| 520 | |a Se presenta una eficaz herramienta de trabajo para el ordenamiento de los recursos financieros, materiales y productivos, incluidos los recursos humanos de la organización, que se sustenta en la gestión integrada de las ciencias, la innovación tecnológica y el medio ambiente, desarrollada bajo las condiciones de una empresa Agropecuaria de montaña ubicada en la provincia de Cienfuegos, Cuba. Se concluye que el vínculo universidad-empresa bajo un enfoque de integración de la gestión de las ciencias, la innovación tecnológica y el medio ambiente propicia las condiciones para ordenar desde la perspectiva de empresa, el destino de sus finanzas y sus recursos humanos, para asegurar a su vez su gestión productiva, articulada eficiente y eficazmente como respuesta a las demandas del cumplimiento de la misión de una empresa agropecuaria de montaña, en equilibrio con su entorno y su comunidad circundante. | ||
| 590 | |a EFU/DICIEMBRE2011 | ||
| 650 | |a UNIVERSIDADES | ||
| 650 | |a TRANSFERENCIA DE TECNOLOGIA | ||
| 650 | |a CUBA | ||
| 650 | |a ESTUDIOS DE CASOS | ||
| 650 | |a PRODUCCION AGROPECUARIA | ||
| 700 | |a Agüero, Fernando | ||
| 773 | |g volumen 33, número 2; páginas 275-290 | ||
| 999 | |c 22410 |d 22410 | ||
